| 000 | 00513nam a2200145Ia 4500 | ||
|---|---|---|---|
| 008 | 090122s9999 xx 000 0 und d | ||
| 082 |
_b6553 _a891.4683 |
||
| 100 |
_aराजाध्यक्ष _bविजया |
||
| 245 | _aकाही वाटा काही वळण | ||
| 600 | _aराजाध्यक्ष | ||
| 630 | _aकाही वाटा काही वळण | ||
| 700 | _aराजाध्यक्ष | ||
| 730 | _aकाही वाटा काही वळण | ||
| 942 | _cBOOK | ||
| 999 |
_c30630 _d30630 |
||